| 000 | 02319cam a2200433 4500 | ||
|---|---|---|---|
| 999 |
_c4990 _d4990 |
||
| 001 | 815015 | ||
| 003 | OCoLC | ||
| 005 | 20181219120241.0 | ||
| 008 | 740204s1974 mnuh b 001 0 eng | ||
| 010 | _a74001358 | ||
| 020 | _a0871233576 | ||
| 020 | _a9780871233578 | ||
| 020 | _a0871233584 (pbk.) | ||
| 020 | _a9780871233585 (pbk.) | ||
| 035 |
_a(OCoLC)815015 _z(OCoLC)1247104 |
||
| 040 |
_aDLC _beng _cDLC _dOCLCQ _dBTCTA _dTLE _dOCLCQ _dOCLCG _dYDXCP _dOCLCG _dIDI _dEDX _dOCLCO _dJCU |
||
| 050 | 0 | 0 |
_aBT1102 _b.M93 1974 |
| 082 |
_a239 _bM787M |
||
| 245 | 0 | 0 |
_aMyth, allegory, and gospel : _ban interpretation of J.R.R. Tolkien, C.S. Lewis, G.K. Chesterton [and] Charles Williams / _cby Edmund Fuller ... [et al.]. |
| 260 |
_aMinneapolis : _bBethany Fellowship, _c1974. |
||
| 300 |
_a159 p. _bfacsim. _c22 cm. |
||
| 500 | _aBased on a lecture series held 1969-70, and sponsored by the Departments of Theology and English at DePaul University and the Division of Philosophy and Religion of the DePaul College. | ||
| 504 | _aIncludes bibliographical references. | ||
| 505 | 0 | 0 |
_tThe apologists of eucatastrophe / _rJohn Warwick Montgomery -- _tChesterton, madmen, and madhouses / _rRussell Kirk -- _tCharles Williams' novels and the contemporary mutation of consciousness / _rChad Walsh -- _tAfter the moon landings : a further report on the Christian spaceman C.S. Lewis / _rEdmund Fuller -- _tThe Chronicles of Narnia and the adolescent reader / _rJohn Warwick Montgomery -- _tMythic and Christian elements in Tolkien / _rClyde S. Kilby. |
| 600 | 1 | 0 |
_aChesterton, G. K. _q(Gilbert Keith), _d1874-1936 _xReligion. |
| 600 | 1 | 0 |
_aLewis, C. S. _q(Clive Staples), _d1898-1963 _xReligion. |
| 600 | 1 | 0 |
_aTolkien, J. R. R. _q(John Ronald Reuel), _d1892-1973 _xReligion. |
| 600 | 1 | 0 |
_aWilliams, Charles, _d1886-1945 _xReligion. |
| 650 | 0 | _aApologetics. | |
| 650 | 0 |
_aChristian literature, English _xHistory and criticism. |
|
| 650 | 0 |
_aFantasy literature, English _xHistory and criticism. |
|
| 650 | 0 | _aMyth in literature. | |
| 650 | 0 | _aAllegory. | |
| 700 | 1 |
_aFuller, Edmund, _d1914-2001. |
|
| 776 | 0 | 8 |
_iOnline version: _tMyth, allegory, and gospel. _dMinneapolis, Bethany Fellowship [1974] _w(OCoLC)613169399. |
| 830 | 0 | _aRobert John Bayer Memorial Chesterton Collection. | |
| 830 | 0 | _aJCU Special Collections. | |
| 942 |
_2ddc _cBK |
||